Widok standardowy
Widok MARC
Pozycja Geographic Name
Liczba rekordów, w których użyto hasła: 1
001 - Numer kontrolny
- control field: 38655
003 - Identyfikator numeru kontrolnego
- control field: NUKAT
005 - Data i czas ostatniej modyfikacji
- control field: 20260320211201.0
008 - Dane kontrolne kodowane (40 znaków)
- fixed length control field: 970311n||aaznnbabn |a ana |c
010 ## - Numer kontrolny Biblioteki Kongresu
- numer kontrolny LC: s 02307526
040 ## - Instytucja sporządzająca rekord
- inst. przygot. dane do rek. khw: WR U/BB
- język haseł przedmiotowych/tezaurus: kaba
- inst. wprow. rek. khw: WR U/BB
- inst. modyf. rek. khw: WA U/SD
151 ## - Hasło - nazwa geograficzna
- nazwa geograficzna: Śląsk, Dolny (Polska ; region)
- określnik formy: spisy geograficzne.